Personnage TVDU - Statistiques

Statistiques générales
  • Ce quiz a été pris 359 fois
  • Le résultat moyen est 46 sur 117
Statistiques - réponses
Hint Réponse % Correct
? Damon Salvatore
99%
? Elena Gilbert
99%
? Stefan Salvatore
99%
? Bonnie Bennett
96%
? Carol Lockwood
96%
? Klaus Mikaelson
94%
? Caroline Forbes
93%
? Matt Donovan
91%
? Elijah Mikaelson
89%
? Jeremy Gilbert
88%
? Tyler Lockwood
88%
? Katherine Pierce
87%
? Alaric Saltzman
84%
? Rebekah Mikaelson
84%
? Jo Laughlin
83%
? Kol Mikaelson
83%
? Liz Forbes
80%
? Jenna Sommers
76%
? Enzo St John
75%
? Finn Mikaelson
68%
? John Gilbert
68%
? Hayley Marshall
66%
? Mikael Mikaelson
65%
? Silas
65%
? Kai Parker
64%
? Esther Mikaelson
63%
? Hope Mikaelson
61%
? Vicki Donovan
60%
? Anna Zhu
59%
? Isobel Flemming
59%
? Lizzie Saltzman
57%
? Josie Saltzman
56%
? Liv Parker
56%
? Amara Petrova
55%
? Marcel Gerard
55%
? Lillian Salvatore
54%
? Luke Parker
52%
? Freya Mikaelson
48%
? Nora Hildegard
48%
? Davina Claire
47%
? Lexi Branson
47%
? Mason Lockwood
47%
? Tatia Petrova
47%
? Mary Dumas
46%
? Sybil
46%
? Valerie Tulle
45%
? Emily Bennett
44%
? Pearl Zhu
44%
? Camille O'Connell
42%
? Nadia Petrova
42%
? Tom Avery
39%
? Mary-Louise
38%
? Josh Rosza
34%
? Sheila Bennett
33%
? Meredith Fell
31%
? Seline
31%
? Rose
30%
? Sarah Salvatore
30%
? Ben
29%
? Bill Forbes
29%
? Cade
29%
? Vincent Griffith
29%
? Aurora de Martel
28%
? Julian
28%
? Qetsiyah Bennett
28%
? Abby Bennett
27%
? April Young
27%
? Jackson Kenner
27%
? Landon Kirby
27%
? Dahlia Mikaelson
26%
? Liam Davis
26%
? Lucien Castle
26%
? Tristan de Martel
23%
? Logan Fell
22%
? Sophie Deveraux
22%
? Giuseppe Salvatore
21%
? Kelly Donovan
21%
? Aiden
20%
? Andie Star
19%
? MG Grealsey
19%
? Monique Deveraux
19%
? Ambrose
18%
? Kieran O'Connell
18%
? Rayna Cruz
18%
? Kaleb Hawkins
17%
? Keelin Malraux
17%
? Eva Sinclair
16%
? Gia
16%
? Inadu Labonair
16%
? Lucy Bennett
16%
? Rafael Waithe
16%
? Aya
15%
? Luka Martin
15%
? Cleo Sowande
14%
? Henrik Mikaelson
14%
? Sebastian
14%
? Connor
12%
? Dorian Williams
12%
? Ivy
12%
? Joshua Parker
12%
? Emma Tig
11%
? Genevieve
11%
? Penelope Park
11%
? Finch Tarrayo
10%
? Jade
10%
? Antoinette Sienna
9%
? Declan O'Connell
7%
? Ryan Clark
7%
? Wade
6%
? Lisina
5%
? Malivore
5%
? Maya Machado
5%
? Alyssia Chang
3%
? Kim Hawkins
3%
? The Necromancer
2%
? Ferryman
1%
? Will Kinney
1%
Aucun quiz correspondant
Distribution des résultats
% des personnes avec chaque résultat
Percentile par nombre de réponses
Votre historique - résultats
Vous n’avez pas pris ce quiz